| 000 | 00376pab a2200169 454500 | ||
|---|---|---|---|
| 008 | 180718b2013 xxu||||| |||| 00| 0 eng d | ||
| 100 | _aSingh, B. | ||
| 245 | _aBudget 2013-14: North east India | ||
| 260 | _c2013 | ||
| 300 | _ap.43-96. | ||
| 362 | _aMar | ||
| 650 | _aBudget - India,North east | ||
| 650 | _aBudget | ||
| 773 | _aYojana | ||
| 908 | _aN | ||
| 909 | _a99231 | ||
| 999 |
_c99230 _d99230 |
||